000 00752nam a2200289Ia 4500
005 20260324111722.0
008 008 260324s9999 xx 000 0 eng d
020 _a9781003565864
037 _aEBOOK
040 _aCRL
040 _beng
040 _cCRL
041 _2eng
041 _aeng
084 _qCRL
100 _aMałgorzata Przybysz-Zaremba; Izabela Bieńkowska; Krzysztof Polok
_91139729
245 0 _aSchool Learners at Risk of Social Maladjustment
245 2 _bA Theoretical and Pragmatic Study
260 _bTaylor and Francis
260 _c2025
365 _a
365 _b230
856 _uhttp://www.taylorfrancis.com/books/9781003565864
942 _cEBOOK
999 _c1728641
_d1728641